[Event "Ustron op-C"]
[Site "Ustron"]
[Date "2021.08.14"]
[Round "1"]
[White "Stepien, Piotr"]
[Black "Lach, Alicja"]
[Result "1/2-1/2"]
[WhiteElo "1633"]
[BlackElo "1227"]
[PlyCount "66"]
[EventDate "2021.08.13"]
[EventType "swiss"]
[EventRounds "9"]
[EventCountry "POL"]
[SourceTitle "EXT 2022"]
[Source "ChessBase"]
[SourceDate "2021.10.06"]
[SourceVersion "1"]
[SourceVersionDate "2021.10.06"]
[SourceQuality "1"]

1. d4 d5 2. Nf3 Nf6 3. c4 e6 4. Bg5 Nbd7 5. e3 Be7 6. Nc3 c6 7. Be2 dxc4 8. Bxc4 0-0 9. 0-0 Re8 10. Ne5 Nf8 11. h4 Nd5 12. Bxe7 Qxe7 13. h5 Qg5 14. Ne4 Qh4 15. Qf3 Qe7 16. Qg3 Nf6 17. Nxf6+ Qxf6 18. Ng4 Qg5 19. h6 Ng6 20. hxg7 f5 21. Nh2 Qxg3 22. fxg3 Kxg7 23. g4 Bd7 24. gxf5 exf5 25. Rfe1 Re7 26. Bd3 Rae8 27. Kf2 Kf6 28. Nf3 Rg7 29. Rad1 Reg8 30. Rg1 Be6 31. a3 Bd5 32. b4 Ne7 33. Be2 Nc8 1/2-1/2

[Event "POL-chT3 U19 Slaska"]
[Site "Slask"]
[Date "2007.05.20"]
[Round "9.15"]
[White "Kula, Maciej"]
[Black "Stepien, Piotr"]
[Result "0-1"]
[WhiteElo "1600"]
[BlackElo "1800"]
[PlyCount "60"]
[EventDate "2007.01.27"]
[EventType "team-tourn"]
[EventRounds "11"]
[EventCountry "POL"]
[SourceTitle "EXT 2019"]
[Source "ChessBase"]
[SourceDate "2018.10.10"]
[SourceVersion "1"]
[SourceVersionDate "2018.10.10"]
[SourceQuality "1"]
[WhiteTeam "Czestochowa UKS Hetman U19 II"]
[BlackTeam "Rybnik MKSz U19 II"]
[WhiteTeamCountry "POL"]
[BlackTeamCountry "POL"]

1. e4 c5 2. Nf3 d6 3. Bc4 Nf6 4. Nc3 Nc6 5. d3 a6 6. a3 b5 7. Ba2 e6 8. 0-0 Be7 9. Bd2 0-0 10. Ne2 Bb7 11. Ng3 Ng4 12. h3 Nge5 13. Nxe5 Nxe5 14. Be3 Rc8 15. c3 c4 16. d4 Nd7 17. Bb1 Nf6 18. Bf4 Qb6 19. e5 dxe5 20. Bxe5 Qc6 21. f3 Nd5 22. Qc2 f5 23. Qd2 Qe8 24. Ne2 Qg6 25. Rd1 Bg5 26. f4 Bh4 27. Rf1 Ne3 28. Rf2 Bxf2+ 29. Kxf2 Qxg2+ 30. Ke1 Qf1# 0-1

[Event "POL-chT3 U19 Slaska"]
[Site "Slask"]
[Date "2007.05.20"]
[Round "10.21"]
[White "Stepien, Piotr"]
[Black "Bresz, Lukasz"]
[Result "1/2-1/2"]
[WhiteElo "1800"]
[BlackElo "1400"]
[PlyCount "62"]
[EventDate "2007.01.27"]
[EventType "team-tourn"]
[EventRounds "11"]
[EventCountry "POL"]
[SourceTitle "EXT 2019"]
[Source "ChessBase"]
[SourceDate "2018.10.10"]
[SourceVersion "1"]
[SourceVersionDate "2018.10.10"]
[SourceQuality "1"]
[WhiteTeam "Rybnik MKSz U19 II"]
[BlackTeam "Katowice UKS Palac Mlodziezy U19"]
[WhiteTeamCountry "POL"]
[BlackTeamCountry "POL"]

1. d4 e6 2. Nf3 d5 3. c4 c6 4. cxd5 cxd5 5. Nc3 Nf6 6. Bg5 Be7 7. e3 Bd7 8. Bd3 0-0 9. 0-0 Nc6 10. a3 Qb6 11. b4 Rac8 12. Rc1 a6 13. Ne5 Qd8 14. f4 Na7 15. Rf3 Nb5 16. Nxb5 Rxc1 17. Qxc1 Bxb5 18. Bxb5 axb5 19. Rh3 Ne4 20. Bxe7 Qxe7 21. Rf3 f6 22. Nd3 b6 23. Qc6 Nd2 24. Rf2 Nc4 25. Qxb5 Nxa3 26. Qxb6 Nc4 27. Qc6 Nxe3 28. Re2 Nf5 29. Qxe6+ Qxe6 30. Rxe6 Nxd4 31. Rd6 Ne2+ 1/2-1/2

[Event "POL-chT3 U19 Slaska"]
[Site "Slask"]
[Date "2007.03.17"]
[Round "6.33"]
[White "Stepien, Piotr"]
[Black "Cieslar, Michal"]
[Result "1/2-1/2"]
[WhiteElo "1800"]
[BlackElo "1764"]
[PlyCount "150"]
[EventDate "2007.01.27"]
[EventType "team-tourn"]
[EventRounds "11"]
[EventCountry "POL"]
[SourceTitle "EXT 2019"]
[Source "ChessBase"]
[SourceDate "2018.10.10"]
[SourceVersion "1"]
[SourceVersionDate "2018.10.10"]
[SourceQuality "1"]
[WhiteTeam "Rybnik MKSz U19 II"]
[BlackTeam "Cieszyn MUKS SZS U19"]
[WhiteTeamCountry "POL"]
[BlackTeamCountry "POL"]

1. d4 Nf6 2. Nf3 g6 3. c4 Bg7 4. g3 0-0 5. Bg2 d6 6. Nc3 Nbd7 7. 0-0 e5 8. e4 h6 9. h3 Nh7 10. d5 f5 11. Nd2 f4 12. Kh2 g5 13. g4 Ndf6 14. f3 h5 15. Ne2 hxg4 16. hxg4 Bxg4 17. Rh1 Bd7 18. Kg1 g4 19. Kf1 gxf3 20. Nxf3 Nxe4 21. Nh4 Bg4 22. Bxe4 Ng5 23. Qd3 Rf6 24. Nf3 Bxf3 25. Bxf3 Qe7 26. Nc3 e4 27. Nxe4 Nxe4 28. Qxe4 Qd7 29. Qh7+ Kf8 30. Bd2 Rf7 31. Re1 b5 32. Bh5 Rf6 33. Bc3 Qf5 34. Qxf5 Rxf5 35. Bxg7+ Kxg7 36. Re7+ Kf6 37. Rf7+ Ke5 38. Rxf5+ Kxf5 39. cxb5 Ke4 40. Ke2 Rb8 41. Bf3+ Kd4 42. a4 Kc4 43. Rh4 Rf8 44. Rh7 Kb3 45. Rxc7 Kxa4 46. Rxa7+ Kxb5 47. Rb7+ Ka6 48. Rc7 Kb5 49. Rc6 Re8+ 50. Kf2 Rd8 51. Bd1 Rh8 52. Be2+ Kb4 53. Rxd6 Kc5 54. Rd7 Rb8 55. Bg4 Rxb2+ 56. Kf3 Rb4 57. Be6 Rd4 58. Rf7 Kd6 59. Rxf4 Rd1 60. Kg4 Rg1+ 61. Kf5 Rh1 62. Bf7 Ke7 63. Bg8 Kd6 64. Kf6 Rg1 65. Bf7 Rb1 66. Re4 Rf1+ 67. Kg7 Ra1 68. Re6+ Kd7 69. Be8+ Kc7 70. d6+ Kd8 71. Kf8 Rf1+ 72. Bf7 Kd7 73. Rg6 Rf2 74. Kg7 Rd2 75. Rf6 Rxd6 1/2-1/2